00540 2200205 4500001002100000005001500021008004100036020001800077035001900095041000700114082000800121090001400129100001900143700001600162245005400178260003000232300003500262500001100297650002600308INLIS00000000000407220241224112837241224||||||||| | ||| |||| || |  a979-795-551-6 0010-1224004072 aid0 a570 a570 REN m0 aRenan Rahadian0 aAzni Ananda00aMini Book Master Biologi SMA Kelas X, XI, dan XII aJakartabKawahmediac2013 a14x9 cm, xii, 468 hlm.; ilus.: aCet. 3 0aIlmu Murni -- Biologi